KOHA-Header-6

Competitive Marketing Strategy (Record no. 9382)

000 -LEADER
fixed length control field 00252nam a2200109Ia 4500
020 ## - INTERNATIONAL STANDARD BOOK NUMBER
ISBN 978-0-273-74093-3
100 ## - MAIN ENTRY--AUTHOR NAME
Personal name Linden Brown
245 #0 - TITLE STATEMENT
Title Competitive Marketing Strategy
260 ## - PUBLICATION, DISTRIBUTION, ETC. (IMPRINT)
Place of publication New Jersey
Name of publisher Prentice Hall
Year of publication 2000
300 ## - PHYSICAL DESCRIPTION
Number of Pages 308
942 ## - ADDED ENTRY ELEMENTS (KOHA)
Koha item type Books
Holdings
Withdrawn status Lost status Collection code Permanent Location Current Location Shelving location Date acquired Full call number Accession Number Koha item type
    Marketing MAJU MAJU   2019-09-14 658.8 5056 Marketing

Powered by Koha